|
|
|
|
| LEADER |
00000Cam#a2200000#a#4500 |
| 001 |
023340 |
| 005 |
20160721160539.0 |
| 008 |
111017s2008||||ag a g#b f000|0#spa#d |
| 020 |
|
|
|a 9789875213180
|
| 040 |
|
|
|a AR-BeUNQ
|
| 082 |
0 |
4 |
|a 634.956
|2 21
|
| 100 |
1 |
|
|a Ledesma, Marcela.
|
| 245 |
0 |
2 |
|a Arbolado público :
|b conceptos, manejo
|c Marcela Ledesma.
|
| 250 |
|
|
|a 1a. ed.
|
| 260 |
|
|
|a Mandredi, Córdoba :
|b INTA,
|c 2008.
|
| 300 |
|
|
|a 75 p. :
|b il. ;
|c 20 cm.
|
| 504 |
|
|
|a Incluye bibliografía.
|
| 650 |
|
7 |
|a Arboles
|2 spines
|
| 650 |
|
7 |
|a Riego
|2 spines
|
| 650 |
|
7 |
|a Propiedades del suelo
|2 spines
|
| 650 |
|
7 |
|a Medio ambiente urbano
|2 spines
|
| 650 |
|
7 |
|a Urbanización
|2 spines
|
| 929 |
|
|
|a DONACION
|b INTA
|d 0,00
|e 20090414
|f PAT0030776
|g 1280 Exp. 827-0387/98
|j 47107
|
| 942 |
|
|
|c LIB
|n 0
|
| 999 |
|
|
|c 22123
|d 97510
|